Introducción al proyecto de producción: ingeniería concurrente para el diseño de proucto

Enregistré dans:
Détails bibliographiques
Auteur principal: Capuz Rizo, Salvador (Auteur)
Format: Livre
Langue:espagnol
Publié: Ciudad de México Alfaomega 2001
Sujets:
Tags: Ajouter un tag
Pas de tags, Soyez le premier à ajouter un tag!

MARC

LEADER 00000nam a2200000 a 4500
001 UCM4180
003 CL-VaPUC
008 020802e20010000MX |||||||||||||||||spa|d
082 0 4 |a 658.503  |b CAP  |2 21 
100 0 |a Capuz Rizo, Salvador  |e author  |9 470748 
245 1 0 |a Introducción al proyecto de producción: ingeniería concurrente para el diseño de proucto 
300 |a 218 p 
942 |c BK 
945 |d 20020802 00:00:00  |a cmena 
260 |a Ciudad de México  |b Alfaomega  |c 2001 
650 0 |a Gestión de la producción   |9 259467 
650 0 |a Planificación estratégica   |9 259735 
650 0 |a Investigación de mercado  |9 332310 
650 7 |a PROTOTIPOS  |2 CL-VaPUC  |9 470749 
583 |a last modification  |c 20141114 05:22:27  |k Rodrigo Vera 
999 |c 301036  |d 301034